| 000 | 00595nam a22002177a 4500 | ||
|---|---|---|---|
| 003 | OSt | ||
| 005 | 20140310182214.0 | ||
| 008 | 130906t xxu||||| |||| 00| 0 eng d | ||
| 020 | _a2894293933 | ||
| 050 |
_aTX 809 _b.G568 1992 |
||
| 082 |
_aHS 641.822 _bG52 1992 |
||
| 100 |
_aGlynn, Joanne _916955 |
||
| 245 |
_aThe new pasta cookbook / _cJoanne Glynn. |
||
| 260 |
_aCanada : _bTormont Publications, Inc, _cc1992. |
||
| 300 |
_a96 p. : _bcol. ill. ; _c28 cm. |
||
| 500 | _aIncludes index. | ||
| 650 |
_aCookery. _912409 |
||
| 942 |
_2lcc _cHS |
||
| 999 |
_c10556 _d10556 |
||